| 000 | 00495nam a2200157Ia 4500 | ||
|---|---|---|---|
| 008 | 160316s1996 xxu||||| |||| 00| 0 eng d | ||
| 082 |
_a320.092000 _bDUM-IX |
||
| 100 | _aDumm Thomas L | ||
| 245 | _aMichel foucault and the politics freedom. Vol.9 : Modernity and political thoughts | ||
| 250 | _a | ||
| 260 |
_aNew Delhi _bSage Publications _c1996 |
||
| 300 |
_a167p _b _c |
||
| 365 | _bRs.789/- | ||
| 650 | _a1. Foucault Michel - Biography 2. Political Thoughts - Contribution | ||
| 700 |
_a _a |
||
| 999 |
_c12287 _d12287 |
||